[Event "GER-ch U12"]
[Site "Willingen"]
[Date "2021.08.29"]
[Round "9"]
[White "Ehses, Julius"]
[Black "Rueckel, Felix"]
[Result "1/2-1/2"]
[WhiteElo "1102"]
[BlackElo "994"]
[PlyCount "41"]
[EventDate "2021.08.22"]
[EventType "swiss"]
[EventRounds "9"]
[EventCountry "GER"]
[SourceTitle "EXT 2022"]
[Source "ChessBase"]
[SourceDate "2021.10.06"]
[SourceVersion "1"]
[SourceVersionDate "2021.10.06"]
[SourceQuality "1"]

1. e4 e5 2. Nf3 Nc6 3. Nc3 Nf6 4. d4 exd4 5. Nxd4 Bb4 6. Nxc6 bxc6 7. Bd3 d5 8. exd5 cxd5 9. 0-0 0-0 10. Bg5 c6 11. a3 Be7 12. Re1 Re8 13. Qd2 h6 14. Bf4 Be6 15. Ne2 Bd6 16. Bxd6 Qxd6 17. Rec1 Rad8 18. Qc3 d4 19. Qd2 c5 20. Ng3 Qd5 21. Rd1 1/2-1/2

[Event "GER-ch U12"]
[Site "Willingen"]
[Date "2021.08.23"]
[Round "2"]
[White "Rueckel, Felix"]
[Black "Meng, Yuxuan"]
[Result "0-1"]
[WhiteElo "994"]
[BlackElo "1495"]
[PlyCount "124"]
[EventDate "2021.08.22"]
[EventType "swiss"]
[EventRounds "9"]
[EventCountry "GER"]
[SourceTitle "EXT 2022"]
[Source "ChessBase"]
[SourceDate "2021.10.06"]
[SourceVersion "1"]
[SourceVersionDate "2021.10.06"]
[SourceQuality "1"]

1. e4 c5 2. Nf3 e6 3. c3 Nf6 4. e5 Nd5 5. c4 Ne7 6. b3 Nbc6 7. Bb2 Nf5 8. Bd3 Nfd4 9. Nxd4 cxd4 10. f4 Qh4+ 11. g3 Qd8 12. 0-0 b6 13. Be4 Bc5 14. d3 Rb8 15. Qf3 Bb7 16. Bxc6 Bxc6 17. Qf2 h5 18. Bxd4 Bxd4 19. Qxd4 h4 20. Qf2 Bb7 21. f5 Qc7 22. fxe6 dxe6 23. Nd2 hxg3 24. Qxg3 Rh6 25. Kf2 f6 26. exf6 Rxh2+ 27. Qxh2 Qxh2+ 28. Ke1 gxf6 29. Kd1 Ke7 30. Kc2 f5 31. Rae1 Rf8 32. Kd1 f4 33. Re2 Qg3 34. Rfe1 Qg4 35. Kc2 Rh8 36. Rxe6+ Qxe6 37. Rxe6+ Kxe6 38. d4 Bg2 39. Kd3 Rd8 40. d5+ Ke5 41. Ke2 Kd4 42. a3 f3+ 43. Nxf3+ Bxf3+ 44. Kxf3 Kc3 45. Ke4 Kxb3 46. Ke5 Kxc4 47. d6 Kc5 48. Ke4 Rxd6 49. Ke3 Kc4 50. a4 a5 51. Ke2 Kc3 52. Ke3 Re6+ 53. Kf3 Kd4 54. Kg4 Rf6 55. Kh5 Rf1 56. Kh4 Rg1 57. Kh3 Ke4 58. Kh2 Rg8 59. Kh3 Kf4 60. Kh2 Kf3 61. Kh1 Kf2 62. Kh2 Rh8# 0-1